<?xml version="1.0" encoding="UTF-8"?>
<collection xmlns="http://www.loc.gov/MARC21/slim">
 <record>
  <leader>00823nam a2200169   4500</leader>
  <controlfield tag="001">1/10392</controlfield>
  <controlfield tag="008">970417s1993    gr            000 0 gre d</controlfield>
  <datafield tag="020" ind1=" " ind2=" ">
   <subfield code="a">960705704X</subfield>
  </datafield>
  <datafield tag="035" ind1=" " ind2=" ">
   <subfield code="l">10737</subfield>
  </datafield>
  <datafield tag="040" ind1=" " ind2=" ">
   <subfield code="a">GR-PeUP</subfield>
  </datafield>
  <datafield tag="082" ind1="0" ind2="0">
   <subfield code="a">949.590'73 ΛΙ</subfield>
  </datafield>
  <datafield tag="100" ind1="1" ind2=" ">
   <subfield code="a">Λιναρδάτος, Σπύρος Ν.,</subfield>
   <subfield code="d">1923-</subfield>
  </datafield>
  <datafield tag="245" ind1="1" ind2="2">
   <subfield code="a">Ο Ιωάννης Μεταξάς και οι μεγάλες δυνάμεις (1936-1940) /</subfield>
   <subfield code="c">Σπύρος Λιναρδάτος, Παύλος Β. Πετρίδης πρόλ., Αγγελος Σιδεράτος επιμ. έκδ.</subfield>
  </datafield>
  <datafield tag="260" ind1=" " ind2=" ">
   <subfield code="a">Αθήνα:</subfield>
   <subfield code="b">Προσκήνιο,</subfield>
   <subfield code="c">1993.</subfield>
  </datafield>
  <datafield tag="300" ind1=" " ind2=" ">
   <subfield code="a">206 σελ.:</subfield>
   <subfield code="b">φωτογρ.,</subfield>
   <subfield code="c">20 εκ.</subfield>
  </datafield>
  <datafield tag="651" ind1=" " ind2="4">
   <subfield code="a">Ελλάδα</subfield>
   <subfield code="x">Ιστορία,</subfield>
   <subfield code="x">Νεώτερη</subfield>
   <subfield code="y">1936-1940.</subfield>
  </datafield>
  <datafield tag="852" ind1=" " ind2=" ">
   <subfield code="a">INST</subfield>
   <subfield code="b">UNIPILB</subfield>
   <subfield code="c">MAIN</subfield>
   <subfield code="e">20040709</subfield>
   <subfield code="h">949.590'73 ΛΙ</subfield>
   <subfield code="p">00126151</subfield>
   <subfield code="q">00126151</subfield>
   <subfield code="t">LOAN</subfield>
   <subfield code="y">0</subfield>
   <subfield code="4">1</subfield>
  </datafield>
 </record>
</collection>
